| 000 | 00436 a2200145 4500 | ||
|---|---|---|---|
| 001 | 88379 | ||
| 082 | _aPR-589 | ||
| 090 |
_c41803 _d41803 |
||
| 100 | _aKazim Raza Syed | ||
| 245 |
_aModification of the Braking system of SMK Aircraft to Enhance its Effectiveness and Reduce the Braking Distance (With CD) _cAbdul Naeem _pCAEG-57 (A) |
||
| 250 | _a1st | ||
| 260 |
_aRisalpur _bNUST _c2003 |
||
| 300 | _a53p | ||
| 500 | _aBE Project Report | ||
| 942 |
_aCAE NUST _kPR-589 |
||
| 999 |
_c323452 _d323452 |
||